[Event "Kragero Resort International 2022"]
[Site "Kragero"]
[Date "2022.02.26"]
[Round "8.2"]
[White "Haug, Havard"]
[Black "Haugen, Lars Tormod"]
[Result "1/2-1/2"]
[WhiteElo "1801"]
[BlackElo "1710"]
[Annotator "NA"]
[PlyCount "100"]
[EventDate "2022.02.23"]
[EventType "swiss"]
[EventCountry "NOR"]
[SourceTitle "playchess.com"]
[Source "ChessBase"]
[SourceQuality "1"]
[TimeControl "5400+30"]

1. e4 {[%emt 0:00:01]} c5 {[%emt 0:07:53]} 2. c3 {[%emt 0:00:05]} Nf6 {[%emt 0:00:23]} 3. e5 {[%emt 0:00:11]} Nd5 {[%emt 0:00:15]} 4. d4 {[%emt 0:00:05]} cxd4 {[%emt 0:00:25]} 5. Nf3 {[%emt 0:00:08]} e6 {[%emt 0:00:41]} 6. cxd4 {[%emt 0:00:07]} d6 {[%emt 0:00:21]} 7. Nc3 {[%emt 0:00:19]} Nxc3 {[%emt 0:01:44]} 8. bxc3 {[%emt 0:00:06]} Qc7 {[%emt 0:00:20]} 9. Bd2 {[%emt 0:00:13]} Nd7 {[%emt 0:01:39]} 10. exd6 {[%emt 0:00:20]} Bxd6 {[%emt 0:00:04]} 11. Bd3 {[%emt 0:00:16]} b6 {[%emt 0:01:11]} 12. Be4 {[%emt 0:03:05]} Bb7 {[%emt 0:06:25]} 13. Qc2 {[%emt 0:03:49]} Bxe4 {[%emt 0:07:52]} 14. Qxe4 {[%emt 0:00:59]} O-O {[%emt 0:02:06]} 15. O-O {[%emt 0:00:37]} e5 {[%emt 0:08:18]} 16. Rfe1 {[%emt 0:06:09]} exd4 {[%emt 0:02:12]} 17. cxd4 {[%emt 0:03:52]} Nf6 {[%emt 0:01:28]} 18. Qf5 {[%emt 0:03:36]} Qc8 {[%emt 0:07:11]} 19. Qd3 {[%emt 0:09:18]} h6 {[%emt 0:08:16]} 20. Nh4 {[%emt 0:03:11]} Re8 {[%emt 0:07:40]} 21. Rxe8+ {[%emt 0:03:29]} Nxe8 {[%emt 0:01:26]} 22. Nf5 {[%emt 0:01:43]} Bf8 {[%emt 0:03:07]} 23. Bf4 {[%emt 0:10:14]} Qd7 {[%emt 0:03:03]} 24. d5 {[%emt 0:08:13]} Nd6 {[%emt 0:02:29]} 25. Nxd6 {[%emt 0:06:49]} Bxd6 {[%emt 0:00:06]} 26. Bxd6 {[%emt 0:00:08]} Qxd6 {[%emt 0:00:25]} 27. g3 {[%emt 0:03:19]} Rc8 {[%emt 0:11:37]} 28. Rd1 {[%emt 0:02:11]} Rc5 {[%emt 0:01:01]} 29. Re1 {[%emt 0:01:06]} Rc8 {[%emt 0:03:57]} 30. Qb5 {[%emt 0:00:48]} Kh7 {[%emt 0:01:01]} 31. Rd1 {[%emt 0:01:01]} Rc5 {[%emt 0:03:13]} 32. Qe8 {[%emt 0:00:52]} Rc7 {[%emt 0:00:49]} 33. Qe4+ {[%emt 0:06:10]} g6 {[%emt 0:01:07]} 34. h4 {[%emt 0:02:46]} h5 {[%emt 0:00:54]} 35. Qd4 {[%emt 0:01:43]} Rd7 {[%emt 0:00:59]} 36. Rd3 {[%emt 0:03:44]} Re7 {[%emt 0:02:31]} 37. Rc3 {[%emt 0:02:13]} Qe5 {[%emt 0:00:36]} 38. Qxe5 {[%emt 0:04:02]} Rxe5 {[%emt 0:00:01]} 39. Rc7 {[%emt 0:00:10]} Kg7 {[%emt 0:00:37]} 40. d6 {[%emt 0:01:17]} Rd5 {[%emt 0:00:26]} 41. d7 {[%emt 0:00:39]} a5 {[%emt 0:00:30]} 42. Rb7 {[%emt 0:00:41]} Kf8 {[%emt 0:01:07]} 43. Rxb6 {[%emt 0:03:31]} Rxd7 {[%emt 0:00:10]} 44. Rb5 {[%emt 0:00:43]} a4 {[%emt 0:00:44]} 45. Rb4 {[%emt 0:01:06]} a3 {[%emt 0:00:10]} 46. Ra4 {[%emt 0:01:52]} Rd3 {[%emt 0:00:10]} 47. Kf1 {[%emt 0:00:09]} Rc3 {[%emt 0:00:56]} 48. Ke1 {[%emt 0:00:13]} Kg7 {[%emt 0:00:44]} 49. Kd2 {[%emt 0:00:53]} Rf3 {[%emt 0:00:23]} 50. Ke2 {[%emt 0:03:12]} Rc3 {[%emt 0:00:10]} 1/2-1/2

[Event "Kragero Resort International 2022"]
[Site "Kragero"]
[Date "2022.02.26"]
[Round "8.3"]
[White "Donchenko, Alexander"]
[Black "Dardha, Daniel"]
[Result "1-0"]
[WhiteElo "2636"]
[BlackElo "2541"]
[Annotator "TA"]
[PlyCount "115"]
[EventDate "2022.02.23"]
[EventType "swiss"]
[EventCountry "NOR"]
[SourceTitle "playchess.com"]
[Source "ChessBase"]
[SourceQuality "1"]

{[%evp 16,115,34,33,32,39,33,34,33,48,42,53,63,64,56,60,39,55,30,23,26,32,37,38,43,46,74,9,7,4,22,0,0,0,75,82,75,70,93,83,81,58,43,0,0,0,68,75,83,54,98,104,106,81,71,89,92,82,74,85,105,105,143,141,157,143,203,193,297,272,366,364,347,349,556,551,466,330,448,0,447,439,448,448,441,441,450,433,474,468,953,942,897,836,833,586,563,544,572,534,424,293]} 1. c4 c5 2. Nf3 Nf6 3. Nc3 e6 4. g3 d5 5. cxd5 exd5 6. d4 Nc6 7. Bg2 cxd4 8. Nxd4 Bc5 9. Nb3 {[%csl LRc5,LRd5]} Bb6 {D33: Tarrasch Defence: 6 g3 sidelines.} 10. O-O {[%cal Rc3d5]} (10. Bxd5 Nb4 11. Bf3 Qxd1+ 12. Kxd1 O-O $11) 10... d4 11. Na4 O-O {White is slightly better.} 12. Bg5 Re8 13. Re1 h6 14. Nxb6 {14.Bxf6 injects fresh life into this line.} axb6 15. Bxc6 bxc6 16. Bxf6 Qxf6 17. Qxd4 Qd8 18. Qc3 c5 19. Rad1 Qc7 20. a3 {[%cal Ob3d4]} Bb7 {[#]} 21. Nd2 $146 (21. Nd4 $1 $16) ({Predecessor:} 21. f3 Qc6 22. e4 Re6 23. Nd2 Rae8 24. g4 h5 25. h3 Qc7 26. Nf1 hxg4 27. hxg4 {1-0 (38) Yordanov,L (2296)-Kayan,V (1929) Primorsko 2021}) 21... Re6 ({But not} 21... Qc6 22. f3 $14) 22. f3 Rae8 23. Kf2 (23. e4 $5 {[%cal Rd2c4]}) 23... f5 {Prevents e4.} 24. Qd3 Qc8 ({Resist} 24... Qe5 25. Nc4 Qf6 26. Nd6 $16) (24... f4 $11) 25. Nc4 $16 {And now Nd6 would win.} Ba6 26. b3 Kh8 27. Rd2 Qc7 28. a4 Qf7 29. Qc3 (29. e3 $14 {was preferrable.}) 29... Qh5 $11 30. Kg1 {Active counter play!} Bxc4 ({Black should try} 30... f4 $11) 31. Qxc4 $14 Re3 {[%cal Oe3f3]} 32. Rc1 Qg5 {[#]} (32... f4 $14 {deserves consideration.}) 33. Rcc2 $1 $16 Qf6 34. Kf2 Qa1 35. Rc1 {Prevents Qh1.} Qe5 {[%cal Oe3f3]} 36. Kf1 Kh7 37. Qc2 Re6 38. Qb2 Qc7 39. Rc3 R3e5 40. Rcd3 c4 (40... Qf7 $16 {keeps fighting.} 41. Rd7 Qf6) 41. Rc3 Rc5 (41... Qb7 $142 42. bxc4 (42. Rxc4 Rxe2 43. Rf4 Rxd2 $16) 42... Qc8) 42. b4 $18 Rcc6 43. Qc2 Qe5 44. Rxc4 Rcd6 (44... Rxc4 {is a better defense.} 45. Qxc4 Re7) 45. Rxd6 Rxd6 {[%mdl 4096] Endgame KQR-KQR} 46. Qc3 Qd5 47. Qc2 Qe5 $1 48. Kf2 {White is clearly winning.} Re6 49. Qd3 Rd6 50. Qc3 Qd5 51. Rc7 {[%csl Gc7][%cal Rc3g7]} Rg6 52. Qc4 Qd1 (52... Qe5 $142 53. f4 Qe6) 53. Rc8 {[%csl Gc8][%cal Rc4g8]} Rd6 54. Qg8+ Kg6 55. Rc7 {Qf7+ would kill now.} Qd4+ 56. Kg2 {Strongly threatening Qf7+.} Qf6 {To avoid Qf7+} 57. Qe8+ Kh7 58. Qf7 {Weighted Error Value: White=0.22 (precise) /Black=0.23 (precise)} ({Weaker is} 58. Rc8 Re6 $18) 1-0

[Event "Kragero Resort International 2022"]
[Site "Kragero"]
[Date "2022.02.26"]
[Round "8.3"]
[White "Thorisson, Benedikt"]
[Black "Engeset, Audun"]
[Result "1/2-1/2"]
[WhiteElo "1790"]
[BlackElo "1823"]
[Annotator "NA"]
[PlyCount "53"]
[EventDate "2022.02.23"]
[EventType "swiss"]
[EventCountry "NOR"]
[SourceTitle "playchess.com"]
[Source "ChessBase"]
[SourceQuality "1"]
[TimeControl "5400+30"]

1. e4 {[%emt 0:00:02]} c5 {[%emt 0:00:17]} 2. Nf3 {[%emt 0:00:07]} Nc6 {[%emt 0:00:05]} 3. d4 {[%emt 0:00:13]} cxd4 {[%emt 0:00:15]} 4. Nxd4 {[%emt 0:00:05]} Nf6 {[%emt 0:00:23]} 5. Nc3 {[%emt 0:00:15]} e5 {[%emt 0:01:18]} 6. Ndb5 {[%emt 0:00:15]} d6 {[%emt 0:00:12]} 7. Bg5 {[%emt 0:00:26]} a6 {[%emt 0:01:10]} 8. Na3 {[%emt 0:00:19]} b5 {[%emt 0:00:11]} 9. Nd5 {[%emt 0:00:34]} Be7 {[%emt 0:00:20]} 10. Bxf6 {[%emt 0:01:18]} Bxf6 {[%emt 0:00:12]} 11. c3 {[%emt 0:00:38]} Bg5 {[%emt 0:00:43]} 12. Nc2 {[%emt 0:00:55]} O-O {[%emt 0:00:46]} 13. Bd3 {[%emt 0:01:30]} Be6 {[%emt 0:02:44]} 14. Nce3 {[%emt 0:00:58]} Bxe3 {[%emt 0:06:42]} 15. Nxe3 {[%emt 0:00:11]} Ne7 {[%emt 0:03:41]} 16. O-O {[%emt 0:04:56]} d5 {[%emt 0:07:12]} 17. exd5 {[%emt 0:00:59]} Nxd5 {[%emt 0:01:03]} 18. Nxd5 {[%emt 0:00:32]} Qxd5 {[%emt 0:00:32]} 19. Bc2 {[%emt 0:05:25]} Qc5 {[%emt 0:04:12]} 20. Bb3 {[%emt 0:04:11]} Rad8 {[%emt 0:02:32]} 21. Qf3 {[%emt 0:07:36]} Rd2 {[%emt 0:01:44]} 22. Rab1 {[%emt 0:09:38]} Bxb3 {[%emt 0:06:13]} 23. axb3 {[%emt 0:00:29]} Rfd8 {[%emt 0:04:03]} 24. Rfe1 {[%emt 0:18:35]} Qd6 {[%emt 0:11:23]} 25. g3 {[%emt 0:04:27]} g6 {[%emt 0:01:59]} 26. Qe4 {[%emt 0:05:34]} f6 {[%emt 0:04:49]} 27. Re2 {[%emt 0:03:05]} 1/2-1/2

[Event "Kragero Resort International 2022"]
[Site "Kragero"]
[Date "2022.02.26"]
[Round "8.4"]
[White "Sanal, Vahap"]
[Black "Kulaots, Kaido"]
[Result "1/2-1/2"]
[WhiteElo "2601"]
[BlackElo "2527"]
[Annotator "TA"]
[PlyCount "78"]
[EventDate "2022.02.23"]
[EventType "swiss"]
[EventCountry "NOR"]
[SourceTitle "playchess.com"]
[Source "ChessBase"]
[SourceQuality "1"]

{[%evp 16,78,16,-14,-3,-10,-18,-29,-14,-19,-10,-25,0,-37,-24,-45,-29,-60,-29,-36,-34,-48,-2,-12,-1,-8,-5,-11,0,-20,3,-6,-7,-27,-14,-31,-18,-10,-10,-41,-53,-39,-27,-29,-5,-22,0,0,0,0,0,0,0,-23,-10,-30,0,-19,-24,-24,0,0,0,0,0]} 1. Nf3 Nf6 2. b3 g6 3. Bb2 Bg7 4. g3 d6 5. d4 c5 6. Bg2 cxd4 7. Nxd4 d5 8. O-O O-O 9. Nf3 Nc6 {A49: 1 d4 Nf6 2 Nf3 g6 3 g3: Anti-King's Indian systems.} 10. Nbd2 Bf5 11. Ne5 Nxe5 {Black has an edge.} 12. Bxe5 Qd7 {[#]} 13. Rc1 $146 ({Predecessor:} 13. c4 Rfd8 14. cxd5 Nxd5 15. Bxg7 Kxg7 16. Nc4 Nb4 17. Qe1 Nc6 18. Rd1 Qc7 19. Rxd8 Rxd8 {1-0 (40) Ljangov,P (2147)-Janev,E (2495) Sofia 2006}) 13... Rfd8 14. Nf3 Rac8 15. Bd4 Qd6 16. a4 a6 17. Be5 Qd7 18. Re1 Be4 (18... Bh6 $15 19. e3 Ne4) 19. Qd2 $11 Ne8 {[%cal Bf6e8,Be8g7,Bg7e6][%mdl 32]} 20. Bxg7 Nxg7 21. Red1 Qc7 22. c3 Qb6 23. Qb2 Qf6 24. Qa3 Ne6 25. Qb4 Rc7 26. h4 Kg7 27. Nh2 Bxg2 28. Kxg2 Qe5 29. Kf1 Qd6 30. Nf3 Qxb4 31. cxb4 Rxc1 32. Rxc1 {[%mdl 4096] Endgame KRN-KRN} f6 33. Ke1 Rd6 34. a5 Kf7 35. Kd2 Rd7 36. Rc8 Rd8 37. Rc1 Rd7 38. Rc8 Rd8 39. Rc1 Rd7 {Weighted Error Value: White=0.10 (very precise) /Black=0.09 (flawless)} 1/2-1/2

[Event "Kragero Resort International 2022"]
[Site "Kragero"]
[Date "2022.02.26"]
[Round "8.4"]
[White "Carlin, Tormod"]
[Black "Amundsen, Ask"]
[Result "0-1"]
[WhiteElo "1630"]
[BlackElo "1819"]
[Annotator "NA"]
[PlyCount "100"]
[EventDate "2022.02.23"]
[EventType "swiss"]
[EventCountry "NOR"]
[SourceTitle "playchess.com"]
[Source "ChessBase"]
[SourceQuality "1"]
[TimeControl "5400+30"]

1. d4 {[%emt 0:00:02]} d5 {[%emt 0:00:09]} 2. c4 {[%emt 0:00:07]} e6 {[%emt 0:00:06]} 3. Nf3 {[%emt 0:00:08]} Nf6 {[%emt 0:00:06]} 4. Nc3 {[%emt 0:00:05]} Be7 {[%emt 0:00:33]} 5. Bf4 {[%emt 0:00:14]} O-O {[%emt 0:01:58]} 6. e3 {[%emt 0:00:07]} a6 {[%emt 0:01:35]} 7. cxd5 {[%emt 0:01:49]} Nxd5 {[%emt 0:01:44]} 8. Nxd5 {[%emt 0:03:14]} exd5 {[%emt 0:00:44]} 9. Bd3 {[%emt 0:00:55]} Bg4 {[%emt 0:08:01]} 10. O-O {[%emt 0:03:29]} c6 {[%emt 0:09:28]} 11. h3 {[%emt 0:09:57]} Bh5 {[%emt 0:00:21]} 12. Be2 {[%emt 0:02:27]} Nd7 {[%emt 0:06:35]} 13. Ne5 {[%emt 0:04:30]} Bxe2 {[%emt 0:00:20]} 14. Qxe2 {[%emt 0:00:07]} Nf6 {[%emt 0:03:04]} 15. Rab1 {[%emt 0:03:08]} Ne4 {[%emt 0:00:22]} 16. Qc2 {[%emt 0:00:57]} Qa5 {[%emt 0:01:05]} 17. Ra1 {[%emt 0:09:19]} Qd8 {[%emt 0:06:23]} 18. Nd3 {[%emt 0:03:25]} a5 {[%emt 0:01:48]} 19. b3 {[%emt 0:12:24]} Ba3 {[%emt 0:02:41]} 20. Nc5 {[%emt 0:03:32]} Bxc5 {[%emt 0:00:37]} 21. dxc5 {[%emt 0:00:08]} Qf6 {[%emt 0:01:25]} 22. a3 {[%emt 0:02:07]} Rfe8 {[%emt 0:00:44]} 23. Rfd1 {[%emt 0:01:25]} h6 {[%emt 0:01:45]} 24. Rd4 {[%emt 0:00:28]} Re6 {[%emt 0:02:22]} 25. Rc1 {[%emt 0:04:18]} Qe7 {[%emt 0:01:17]} 26. Ra4 {[%emt 0:02:44]} Qd8 {[%emt 0:03:50]} 27. Qd1 {[%emt 0:06:06]} Rg6 {[%emt 0:01:17]} 28. b4 {[%emt 0:01:56]} Qh4 {[%emt 0:04:25]} 29. g3 {[%emt 0:04:35]} Qxh3 {[%emt 0:00:27]} 30. Rxa5 {[%emt 0:01:02]} Rxa5 {[%emt 0:00:19]} 31. bxa5 {[%emt 0:00:06]} h5 {[%emt 0:00:18]} 32. Qf1 {[%emt 0:00:10]} Qc8 {[%emt 0:01:23]} 33. Kh2 {[%emt 0:01:32]} Qa8 {[%emt 0:01:34]} 34. Bc7 {[%emt 0:03:16]} Qc8 {[%emt 0:00:33]} 35. Bf4 {[%emt 0:00:10]} Nd2 {[%emt 0:01:26]} 36. Qh3 {[%emt 0:00:45]} Qe8 {[%emt 0:04:44]} 37. Qxh5 {[%emt 0:01:30]} Qe4 {[%emt 0:00:11]} 38. Rd1 {[%emt 0:06:08]} Nf3+ {[%emt 0:01:55]} 39. Kh3 {[%emt 0:01:09]} Re6 {[%emt 0:01:55]} 40. Qg4 {[%emt 0:00:53]} Ne5 {[%emt 0:06:03]} 41. Qh4 {[%emt 0:02:24]} Ng6 {[%emt 0:03:33]} 42. Qd8+ {[%emt 0:00:47]} Kh7 {[%emt 0:00:19]} 43. Qg5 {[%emt 0:04:27]} Qf3 {[%emt 0:00:23]} 44. Rd4 {[%emt 0:02:05]} Nxf4+ {[%emt 0:01:28]} 45. Rxf4 {[%emt 0:00:40]} Qh1+ {[%emt 0:00:07]} 46. Kg4 {[%emt 0:00:09]} Rg6 {[%emt 0:00:07]} 47. Rxf7 {[%emt 0:00:29]} Qh6 {[%emt 0:00:47]} 48. f4 {[%emt 0:00:43]} Rxg5+ {[%emt 0:00:15]} 49. fxg5 {[%emt 0:00:07]} Qe6+ {[%emt 0:00:19]} 50. Rf5 {[%emt 0:00:14]} g6 {[%emt 0:00:10]} 0-1

[Event "Kragero Resort International 2022"]
[Site "Kragero"]
[Date "2022.02.26"]
[Round "8.5"]
[White "Kaasen, Tor Fredrik"]
[Black "Bogner, Sebastian"]
[Result "1/2-1/2"]
[WhiteElo "2458"]
[BlackElo "2573"]
[Annotator "TA"]
[PlyCount "43"]
[EventDate "2022.02.23"]
[EventType "swiss"]
[EventCountry "NOR"]
[SourceTitle "playchess.com"]
[Source "ChessBase"]
[SourceQuality "1"]

{[%evp 12,25,0,0,19,14,31,25,32,13,25,19,43,37,45,42]} 1. e4 c5 2. Nf3 d6 3. d4 cxd4 4. Nxd4 Nf6 5. Nc3 a6 6. h3 e5 7. Nde2 h5 {B90: Sicilian Najdorf: Unusual White 6th moves, 6 Be3 Ng4 and 6 Be3 e5.} 8. g3 Be7 9. Bg2 Be6 10. O-O Nbd7 11. a4 Rc8 12. Be3 Qc7 13. b3 {[#]  Weighted Error Value: White=0.04 (flawless) /Black=0.15 (very precise)} {Predecessor:} Nc5 $146 14. a5 h4 15. g4 O-O 16. Nd5 Nxd5 17. exd5 Bd7 18. c4 f5 19. Nc3 b6 20. axb6 Qxb6 21. Bxc5 Rxc5 22. gxf5 {½-½ (52) Scheiba,M (2358)-Moser,R (2366) ICCF email 2016} 1/2-1/2

[Event "Kragero Resort International 2022"]
[Site "Kragero"]
[Date "2022.02.26"]
[Round "8.5"]
[White "Hammari, Vinjar"]
[Black "Stromhaug, Kristoffer Wang"]
[Result "0-1"]
[WhiteElo "1775"]
[BlackElo "1694"]
[Annotator "NA"]
[PlyCount "86"]
[EventDate "2022.02.23"]
[EventType "swiss"]
[EventCountry "NOR"]
[SourceTitle "playchess.com"]
[Source "ChessBase"]
[SourceQuality "1"]
[TimeControl "5400+30"]

1. d4 {[%emt 0:00:03]} d5 {[%emt 0:00:04]} 2. c4 {[%emt 0:00:04]} c6 {[%emt 0:00:06]} 3. Nf3 {[%emt 0:00:04]} Nf6 {[%emt 0:00:11]} 4. Nc3 {[%emt 0:00:09]} e6 {[%emt 0:00:33]} 5. g3 {[%emt 0:00:07]} Nbd7 {[%emt 0:01:05]} 6. b3 {[%emt 0:01:52]} Be7 {[%emt 0:02:52]} 7. Bg2 {[%emt 0:00:05]} O-O {[%emt 0:00:38]} 8. O-O {[%emt 0:00:05]} Re8 {[%emt 0:03:48]} 9. Qc2 {[%emt 0:00:54]} b6 {[%emt 0:03:08]} 10. Rd1 {[%emt 0:00:10]} Ba6 {[%emt 0:00:47]} 11. Nd2 {[%emt 0:07:36]} e5 {[%emt 0:05:08]} 12. dxe5 {[%emt 0:01:11]} Nxe5 {[%emt 0:00:06]} 13. Nf3 {[%emt 0:02:38]} Nxf3+ {[%emt 0:09:08]} 14. Bxf3 {[%emt 0:00:10]} Bb4 {[%emt 0:03:03]} 15. Bb2 {[%emt 0:12:08]} Qc7 {[%emt 0:08:59]} 16. cxd5 {[%emt 0:00:45]} cxd5 {[%emt 0:00:42]} 17. Qf5 {[%emt 0:00:58]} Bxc3 {[%emt 0:01:25]} 18. Rac1 {[%emt 0:00:06]} Qe5 {[%emt 0:00:20]} 19. Qxf6 {[%emt 0:01:46]} Qxf6 {[%emt 0:00:51]} 20. Bxc3 {[%emt 0:00:05]} Qe7 {[%emt 0:01:32]} 21. Rxd5 {[%emt 0:00:18]} Bb7 {[%emt 0:01:03]} 22. Re5 {[%emt 0:00:20]} Qxe5 {[%emt 0:01:01]} 23. Bxe5 {[%emt 0:00:16]} Bxf3 {[%emt 0:00:07]} 24. Bf4 {[%emt 0:00:24]} Rxe2 {[%emt 0:00:12]} 25. a4 {[%emt 0:00:15]} Rae8 {[%emt 0:00:51]} 26. Be3 {[%emt 0:00:08]} Rb2 {[%emt 0:00:13]} 27. h3 {[%emt 0:00:12]} Rxb3 {[%emt 0:00:11]} 28. g4 {[%emt 0:00:07]} Ra3 {[%emt 0:00:42]} 29. Rc4 {[%emt 0:00:07]} Bd1 {[%emt 0:00:42]} 30. Kg2 {[%emt 0:00:23]} Rxa4 {[%emt 0:00:22]} 31. Rc7 {[%emt 0:00:05]} Be2 {[%emt 0:00:43]} 32. Kg3 {[%emt 0:00:08]} Ra8 {[%emt 0:00:39]} 33. Re7 {[%emt 0:00:35]} b5 {[%emt 0:00:31]} 34. Bc5 {[%emt 0:00:31]} Bc4 {[%emt 0:00:27]} 35. Rb7 {[%emt 0:00:06]} Ra2 {[%emt 0:00:42]} 36. Kf4 {[%emt 0:00:15]} h6 {[%emt 0:00:33]} 37. h4 {[%emt 0:00:05]} a5 {[%emt 0:00:32]} 38. g5 {[%emt 0:00:05]} hxg5+ {[%emt 0:00:57]} 39. hxg5 {[%emt 0:00:08]} b4 {[%emt 0:01:01]} 40. g6 {[%emt 0:00:04]} fxg6 {[%emt 0:00:47]} 41. Kg5 {[%emt 0:00:22]} Rd2 {[%emt 0:01:51]} 42. Kxg6 {[%emt 0:00:21]} Bf7+ {[%emt 0:00:37]} 43. Rxf7 {[%emt 0:00:41]} Ra6+ {[%emt 0:00:59]} 0-1

[Event "Kragero Resort International 2022"]
[Site "Kragero"]
[Date "2022.02.26"]
[Round "8.6"]
[White "Urkedal, Frode Olav Olsen"]
[Black "Seo, Jung Min"]
[Result "1-0"]
[WhiteElo "2549"]
[BlackElo "2466"]
[Annotator "TA"]
[PlyCount "183"]
[EventDate "2022.02.23"]
[EventType "swiss"]
[EventCountry "NOR"]
[SourceTitle "playchess.com"]
[Source "ChessBase"]
[SourceQuality "1"]

{[%evp 21,183,28,37,37,37,37,38,37,51,31,53,49,61,58,59,66,63,74,62,60,55,56,65,59,62,35,35,29,41,35,40,53,66,71,62,50,88,82,61,50,111,112,113,113,112,112,109,112,112,87,115,97,110,100,104,110,102,110,111,86,86,86,83,64,77,77,77,77,86,85,86,86,121,86,86,86,93,86,86,85,85,86,86,86,90,86,90,45,45,45,134,0,18,18,18,18,18,18,18,31,30,31,74,63,63,70,70,70,3802,3802,3022,2753,1894,843,2928,2922,1654,717,670,0,743,673,29943,29942,29940,12845,5506,64,8,8,29940,29947,12850,29948,12845,29938,29948,29950,12072,0,5077,7035,1328,407,29957,29961,29959,29959,29966,29968,29968,29970,29970,1768,806,8,29975,29970,29964,29963,29991,29992,29992,29993]} 1. d4 Nf6 2. c4 e6 3. Nf3 d5 4. Nc3 Nbd7 5. cxd5 exd5 6. Bg5 Be7 7. e3 c6 8. Bd3 Nh5 9. Bxe7 Qxe7 10. O-O O-O 11. Qc2 {11.Qb1 gains popularity.} Nhf6 12. Rfe1 {D35: Queen's Gambit Declined: Exchange Variation.} Qd6 13. a3 {[#]} a5 $146 ({Predecessor:} 13... g6 14. b4 a6 15. Rab1 Nh5 16. a4 Ng7 17. b5 axb5 18. axb5 c5 19. dxc5 Nxc5 {1-0 (76) Wengierow,M (2108)-Borowicz,M (1850) Mazowsze 2009}) 14. h3 {White is slightly better.} Re8 15. Rab1 Nf8 16. b4 axb4 17. axb4 Be6 18. Na4 h6 19. b5 N8d7 20. bxc6 bxc6 21. Rec1 Ra7 22. Nc5 Rc8 23. Ba6 {[%cal Bd3a6,Ba6b7,Bb7c6,Bc6d5][%mdl 32]} Rcc7 24. Ne5 Ra8 25. Bb7 Rb8 {White must now prevent ...Nxc5.} 26. f4 $36 {[%mdl 2048] White has the initiative.} Nxc5 27. dxc5 Qf8 28. Bxc6 {White is much more active.} Ne4 29. Rxb8 Qxb8 30. Ra1 Rc8 (30... Qf8 $14) 31. Ra8 $16 Qc7 {aiming for ...Rxa8.} 32. Qa2 Nxc5 33. Bxd5 Rxa8 34. Qxa8+ Kh7 35. Kh2 {Threatens to win with Bxe6.} g6 36. Bxe6 Nxe6 37. Ng4 Qc3 {To avoid Nf6+} 38. Qa7 Kg7 39. Ne5 Qc7 40. Qa1 f6 41. Ng4 Qe7 42. Qc3 h5 43. Nf2 Nc5 44. Qd4 Nb3 45. Qe4 Qxe4 46. Nxe4 {[%mdl 4096] Endgame KN-KN} Na1 47. Kg3 Nc2 48. Kf2 Nb4 49. Ke2 Kf7 50. Kd2 Ke6 51. Kc3 Nd5+ 52. Kd4 Ne7 53. Nc5+ Kd6 54. e4 {Prevents Nf5+.} (54. Nb7+ $16 Kc7 55. Na5) 54... Nc6+ $14 55. Kc4 g5 (55... Na5+ $1 $14 56. Kb5 Nc6) 56. Nb7+ (56. Nd3 $1 $16) 56... Ke6 57. Kc5 Ne7 58. fxg5 fxg5 59. Kd4 Nc6+ 60. Ke3 Kf6 61. Nc5 Ke5 (61... Nb4 $14 {deserves consideration.}) 62. Nd3+ Ke6 63. Ne1 {Strongly threatening Nf3.} Kf6 64. Nf3 g4 $2 {[%mdl 8192]} (64... h4 $14 65. Kd3 Ne7) 65. hxg4 $1 $18 hxg4 66. Ne1 Kg5 67. Nd3 Ne7 68. g3 Nc6 69. Nf4 (69. Nc5 $142 Kf6 70. Kf4) 69... Kf6 70. Nd3 {Kf4 would kill now.} Kg5 $1 71. Nc5 Ne5 72. Kd4 $1 Kf6 73. Kd5 Nf3 74. Nd3 $2 ({White should play} 74. Ne6 $18 {And now Nf4 would win.} Nd2 75. e5+ Kf7 76. Nd4) 74... Nd2 $1 $14 75. e5+ Ke7 $2 {[%mdl 8192] White stays focused until the end.} (75... Kf7 $11) 76. Nf4 Nf1 77. Ne2 Ne3+ {[#]} 78. Ke4 $1 Nc4 79. Nf4 Kf7 80. Ne2 $2 (80. Nd3 $18 Ke6 81. Nc5+ Kf7 82. Kf4) 80... Nd2+ $2 {[%mdl 8192]} (80... Ke7 $11 81. Nf4 Kf7) 81. Kf5 $18 {Intending Nd4 and mate.} Nc4 82. Nd4 (82. Nc1 $142 {Hoping for Nd3.} Ne3+ 83. Kf4) 82... Ke7 (82... Ne3+ $18 83. Kf4 Nc4) 83. e6 Ne3+ 84. Kf4 Nd5+ 85. Ke5 Nc3 86. Nf5+ Ke8 87. e7 (87. Kd4 $142 Nb1 88. Kd5 Nc3+ 89. Ke5 Kd8 90. Ne3 Ne2 91. Kf6 Nxg3 92. Kf7) 87... Kf7 {[#]} 88. Kd6 $2 (88. Kf4 $1 $18) 88... Ne4+ $1 $11 89. Kc7 {White mates.} Nc5 90. Kc6 Nd3 91. Kd6 Nb4 92. Kd7 {Weighted Error Value: White=0.08 (flawless) /Black=0.08 (flawless)} 1-0